[Event "Titled Tuesday intern op 4th Aug 10am"]
[Site "Chess.com INT"]
[Date "2020.08.04"]
[Round "2"]
[White "Gogin, Maksim"]
[Black "Perera Alfonso, Rene Humberto"]
[Result "0-1"]
[WhiteElo "2304"]
[BlackElo "2354"]
[PlyCount "108"]
[EventDate "2020.08.04"]
[EventType "swiss (blitz)"]
[EventRounds "10"]
[EventCountry "USA"]
[SourceTitle "CBM 197 Extra"]
[Source "ChessBase"]
[SourceDate "2020.09.30"]
[SourceVersion "1"]
[SourceVersionDate "2020.09.30"]
[SourceQuality "1"]

1. d4 d5 2. Bg5 Nd7 3. e3 Ngf6 4. Nf3 g6 5. c4 c6 6. Nc3 Bg7 7. Rc1 0-0 8. Qb3 dxc4 9. Bxc4 Nb6 10. Be2 Be6 11. Qa3 h6 12. Bh4 Nc4 13. Qb4 Nd6 14. 0-0 a5 15. Qa4 Nfe4 16. Nxe4 Nxe4 17. Qc2 Nf6 18. Bc4 Bxc4 19. Qxc4 e6 20. Qb3 Qe7 21. Ne5 g5 22. Bg3 Ne4 23. Qc2 Nxg3 24. hxg3 Bxe5 25. dxe5 Rfd8 26. Rfd1 Rd5 27. f4 Rad8 28. Rxd5 Rxd5 29. Qe2 Kg7 30. e4 Rd4 31. f5 Qc7 32. f6+ Kg6 33. Rc5 b6 34. Rc3 Qxe5 35. Rxc6 Rb4 36. Rc8 Qxf6 37. e5 Qf5 38. Kh2 g4 39. Rc4 Rxc4 40. Qxc4 Qxe5 41. Qxg4+ Qg5 42. Qe4+ Qf5 43. Qe3 Qh5+ 44. Kg1 Qc5 45. Kf2 Qxe3+ 46. Kxe3 Kf5 47. Kf3 e5 48. a3 e4+ 49. Ke3 Ke5 50. g4 a4 51. g3 f6 52. Ke2 Kd4 53. Kd2 e3+ 54. Ke2 Ke4 0-1

[Event "Chigorin Memorial 26th"]
[Site "St Petersburg"]
[Date "2018.10.30"]
[Round "4"]
[White "Sorokin, Aleksey"]
[Black "Gogin, Maksim"]
[Result "1/2-1/2"]
[WhiteElo "2522"]
[BlackElo "2310"]
[PlyCount "80"]
[EventDate "2018.10.27"]
[EventType "swiss"]
[EventRounds "9"]
[EventCountry "RUS"]
[SourceTitle "CBM 187 Extra"]
[Source "ChessBase"]
[SourceDate "2018.11.04"]
[SourceVersion "1"]
[SourceVersionDate "2018.11.04"]
[SourceQuality "1"]

1. d4 Nf6 2. c4 g6 3. Nc3 Bg7 4. e4 d6 5. Nf3 0-0 6. h3 e5 7. d5 a5 8. g4 Na6 9. Be3 b6 10. Be2 Bd7 11. Nd2 Ne8 12. h4 f5 13. gxf5 gxf5 14. exf5 Bxf5 15. Bg4 Qd7 16. Rg1 Nb4 17. Bxf5 Qxf5 18. Nde4 Nf6 19. Ng3 Qc2 20. Qd2 Ng4 21. Rg2 Rf3 22. a3 Nxe3 23. fxe3 Nd3+ 24. Ke2 Rxe3+ 25. Kxe3 Bh6+ 26. Kf3 Bxd2 27. Nge4+ Kh8 28. Rxd2 Qb3 29. Rxd3 Qxb2 30. Rg1 Qh2 31. Rg3 Rf8+ 32. Ke3 Qxh4 33. Rd1 Qh6+ 34. Kd3 Qh5 35. Ke3 Qh6+ 36. Kd3 Qh5 37. Ke3 Qh6+ 38. Kd3 Qh5 39. Ke3 Qh6+ 40. Kd3 Qh5 1/2-1/2

[Event "Chigorin Memorial 23rd"]
[Site "St Petersburg"]
[Date "2015.10.10"]
[Round "8"]
[White "Gubajdullin, Alexey"]
[Black "Gogin, Maksim"]
[Result "0-1"]
[WhiteElo "2359"]
[BlackElo "2220"]
[PlyCount "48"]
[EventDate "2015.10.03"]
[EventType "swiss"]
[EventRounds "9"]
[EventCountry "RUS"]
[SourceTitle "CBM 168 Extra"]
[Source "ChessBase"]
[SourceDate "2015.10.29"]
[SourceVersion "1"]
[SourceVersionDate "2015.10.29"]
[SourceQuality "1"]

1. b3 Nf6 2. Bb2 g6 3. Bxf6 exf6 4. c4 f5 5. Nc3 Bg7 6. Rc1 d6 7. g3 h5 8. Nf3 b6 9. Bg2 Bb7 10. 0-0 Nd7 11. d4 Nf6 12. d5 Qd7 13. Nd4 h4 14. Nc6 hxg3 15. hxg3 f4 16. gxf4 Qg4 17. Qd4 Kf8 18. Qe3 Bh6 19. Qe7+ Kg7 20. e3 Rae8 21. f3 Qc8 22. Qxe8 Qxe8 23. Rfe1 Bxc6 24. dxc6 Qxc6 0-1

[Event "Chigorin Memorial 23rd"]
[Site "St Petersburg"]
[Date "2015.10.07"]
[Round "5"]
[White "Gogin, Maksim"]
[Black "Bublei, Pavel"]
[Result "1/2-1/2"]
[WhiteElo "2220"]
[BlackElo "2380"]
[PlyCount "82"]
[EventDate "2015.10.03"]
[EventType "swiss"]
[EventRounds "9"]
[EventCountry "RUS"]
[SourceTitle "CBM 168 Extra"]
[Source "ChessBase"]
[SourceDate "2015.10.29"]
[SourceVersion "1"]
[SourceVersionDate "2015.10.29"]
[SourceQuality "1"]

1. d4 Nf6 2. Bg5 d5 3. Bxf6 exf6 4. e3 c5 5. Nf3 Nc6 6. c3 Qb6 7. Qc2 g6 8. Nbd2 Be7 9. dxc5 Bxc5 10. Nb3 Be7 11. Nbd4 0-0 12. Be2 Be6 13. 0-0 Rac8 14. Rfd1 Rfd8 15. Qb3 Na5 16. Qxb6 axb6 17. Nd2 f5 18. Rac1 Bf6 19. Bb5 h6 20. g3 Kg7 21. h4 Nc6 22. N2f3 Ne7 23. b3 Bd7 24. Bxd7 Rxd7 25. c4 Rdd8 26. cxd5 Rxc1 27. Rxc1 Nxd5 28. Rc4 Be7 29. a4 Kf6 30. Nb5 Bc5 31. Nfd4 Nb4 32. Kf1 Nd3 33. Ke2 Ne5 34. Rc1 Ke7 35. h5 Kf6 36. Rd1 Ng4 37. Rb1 Bb4 38. Rc1 Bc5 39. Rb1 Bb4 40. Rc1 Bc5 41. Rb1 Bb4 1/2-1/2

[Event "Chigorin Memorial 23rd"]
[Site "St Petersburg"]
[Date "2015.10.04"]
[Round "2"]
[White "Nechaeva, Marina"]
[Black "Gogin, Maksim"]
[Result "1/2-1/2"]
[WhiteElo "2411"]
[BlackElo "2220"]
[PlyCount "159"]
[EventDate "2015.10.03"]
[EventType "swiss"]
[EventRounds "9"]
[EventCountry "RUS"]
[SourceTitle "CBM 168 Extra"]
[Source "ChessBase"]
[SourceDate "2015.10.29"]
[SourceVersion "1"]
[SourceVersionDate "2015.10.29"]
[SourceQuality "1"]

1. d4 Nf6 2. c4 c5 3. d5 b5 4. cxb5 a6 5. e3 axb5 6. Bxb5 Qa5+ 7. Nc3 Bb7 8. Bd2 Qb6 9. a4 Nxd5 10. Nxd5 Bxd5 11. Nf3 e6 12. Bc3 Qb7 13. 0-0 Be7 14. Re1 0-0 15. Nd2 Bc6 16. Bf1 d5 17. Qg4 g6 18. Nf3 Nd7 19. Qf4 f6 20. Qg4 e5 21. e4 Rf7 22. exd5 Bxd5 23. a5 Nf8 24. a6 Qb6 25. Red1 Bb3 26. Qe4 Ra7 27. Rdc1 Qe6 28. Nd2 Bd5 29. Qe3 Ra8 30. Ra4 Qc6 31. Rca1 Ne6 32. Bc4 Bf8 33. Bxd5 Qxd5 34. Nc4 Raa7 35. f3 Nc7 36. Qe2 Qe6 37. Ne3 Bh6 38. Ng4 Bf8 39. Bd2 c4 40. Qxc4 Rxa6 41. Nxf6+ Rxf6 42. Qxc7 Rc6 43. Qa5 Rc5 44. Qa6 Qxa6 45. Rxa6 Rxa6 46. Rxa6 Rc2 47. Bc3 Bc5+ 48. Kf1 Bd4 49. Bxd4 exd4 50. Rd6 Rxb2 51. Rxd4 h5 52. Rd7 h4 53. h3 Rb1+ 54. Kf2 Rb2+ 55. Kg1 Rb1+ 56. Kh2 Rb4 57. Re7 Rb5 58. Re4 Rh5 59. Kg1 Kg7 60. Kf2 Kf6 61. Rf4+ Kg5 62. Rg4+ Kf6 63. f4 Kf5 64. Kf3 Kf6 65. Ke4 Rh7 66. Rg5 Rc7 67. Kf3 Rc2 68. Rg4 Kf5 69. Rxh4 Rc3+ 70. Kf2 Rc2+ 71. Kg3 Rc3+ 72. Kh2 Rc4 73. g3 Rc2+ 74. Kg1 Ke4 75. f5+ Kf3 76. Rf4+ Kxg3 77. Rg4+ Kxh3 78. Rxg6 Rc5 79. f6 Rf5 80. f7 1/2-1/2

[Event "RUS-chT U18"]
[Site "St Petersburg"]
[Date "2015.08.07"]
[Round "7.17"]
[White "Kukhmazov, Arsen"]
[Black "Gogin, Maksim"]
[Result "1-0"]
[WhiteElo "2426"]
[BlackElo "2183"]
[PlyCount "95"]
[EventDate "2015.08.01"]
[EventType "team-swiss"]
[EventRounds "9"]
[EventCountry "RUS"]
[SourceTitle "CBM 167 Extra"]
[Source "ChessBase"]
[SourceDate "2015.09.14"]
[SourceVersion "1"]
[SourceVersionDate "2015.09.14"]
[SourceQuality "1"]
[WhiteTeam "Perovo"]
[BlackTeam "HQ Contemporary"]
[WhiteTeamCountry "RUS"]
[BlackTeamCountry "RUS"]

1. d4 Nf6 2. c4 c5 3. d5 b5 4. Qc2 bxc4 5. e4 d6 6. Bxc4 g6 7. Nf3 Bg7 8. 0-0 0-0 9. h3 a5 10. Nc3 Ba6 11. Nb5 Nbd7 12. a4 Nb6 13. Be2 Nfd7 14. Rb1 Ne5 15. Nd2 g5 16. b3 Qd7 17. Nc4 Nbxc4 18. bxc4 h6 19. f4 gxf4 20. Rxf4 Ng6 21. Rf5 e6 22. Rh5 Qe7 23. Bg4 f5 24. exf5 exf5 25. Be2 Rae8 26. Bf1 Bxb5 27. axb5 Qe5 28. Kh1 Qg3 29. Bb2 Bxb2 30. Qxb2 Kh7 31. Qc2 Nf4 32. Rxf5 Qg6 33. g4 Re3 34. Qf2 Rxf5 35. gxf5 Qg3 36. Qxg3 Rxg3 37. Ra1 Kg7 38. Rxa5 Kf6 39. b6 Rg7 40. Ra7 Rg8 41. Rd7 Kxf5 42. Rxd6 Ke4 43. b7 Ke3 44. Rxh6 Kf2 45. Rf6 Kg3 46. d6 Re8 47. d7 Re1 48. Rxf4 1-0

[Event "St Petersburg rapid"]
[Site "St Petersburg"]
[Date "2015.03.15"]
[Round "9"]
[White "Gogin, Maksim"]
[Black "Donskov, Anatoly"]
[Result "1-0"]
[WhiteElo "2183"]
[BlackElo "2305"]
[PlyCount "59"]
[EventDate "2015.03.14"]
[EventType "swiss (rapid)"]
[EventRounds "9"]
[EventCountry "RUS"]
[SourceTitle "CBM 165 Extra"]
[Source "ChessBase"]
[SourceDate "2015.04.21"]
[SourceVersion "1"]
[SourceVersionDate "2015.04.21"]
[SourceQuality "1"]

1. d4 e6 2. Nf3 f5 3. g3 Nf6 4. Bg2 d5 5. 0-0 c6 6. c4 Bd6 7. Nc3 0-0 8. Qc2 Qe8 9. b3 Nbd7 10. Ne1 Qh5 11. Nd3 g5 12. f3 a6 13. e4 fxe4 14. fxe4 Ng4 15. Rxf8+ Nxf8 16. h3 Bxg3 17. hxg4 Qh2+ 18. Kf1 Ng6 19. Ne2 Bh4 20. Ng1 dxe4 21. Nc5 Qg3 22. Qd2 Bd7 23. Nxd7 Rd8 24. Nf6+ Kh8 25. Qe3 Qc7 26. Nxe4 Ne5 27. Nf3 Nxg4 28. Qe2 Rf8 29. Kg1 Qd8 30. Bb2 1-0

[Event "Chigorin Memorial 22nd"]
[Site "St Petersburg"]
[Date "2014.10.24"]
[Round "7"]
[White "Gogin, Maksim"]
[Black "Nechaeva, Marina"]
[Result "0-1"]
[WhiteElo "2201"]
[BlackElo "2364"]
[PlyCount "100"]
[EventDate "2014.10.18"]
[EventType "swiss"]
[EventRounds "9"]
[EventCountry "RUS"]
[SourceTitle "EXT 2015"]
[Source "ChessBase"]
[SourceDate "2014.11.20"]
[SourceVersion "1"]
[SourceVersionDate "2014.11.20"]
[SourceQuality "1"]

1. d4 d5 2. Nf3 Nf6 3. c4 c6 4. Qb3 dxc4 5. Qxc4 Bg4 6. Nc3 Nbd7 7. e4 Bxf3 8. gxf3 e5 9. Be3 exd4 10. Bxd4 Bd6 11. 0-0-0 Qe7 12. Qd3 Bf4+ 13. Be3 Bxe3+ 14. Qxe3 0-0 15. f4 Nb6 16. Rg1 Rad8 17. Bd3 Nfd7 18. e5 g6 19. Bc2 Nc5 20. h4 Nc4 21. Qe2 Rxd1+ 22. Rxd1 b5 23. h5 Rd8 24. b3 Rxd1+ 25. Nxd1 Nb6 26. hxg6 hxg6 27. f5 gxf5 28. Qh5 Ne6 29. Ne3 Ng7 30. Qh2 Nd5 31. Nxd5 cxd5 32. f4 Qc5 33. Qh4 Ne6 34. Qg3+ Kf8 35. Qh4 Qg1+ 36. Kb2 Qd4+ 37. Kb1 Qxf4 38. Qh8+ Ke7 39. Qf6+ Ke8 40. Qh8+ Nf8 41. Qf6 Nd7 42. Qc6 Qxe5 43. Qa8+ Ke7 44. Qxa7 f4 45. Bd3 d4 46. Qa3+ Kf6 47. Qb4 f3 48. Kc2 Nc5 49. Qd2 Nxd3 50. Kxd3 Qf5+ 0-1

[Event "Chigorin Memorial 22nd"]
[Site "St Petersburg"]
[Date "2014.10.22"]
[Round "5"]
[White "Gogin, Maksim"]
[Black "Snetkov, Ivan"]
[Result "1/2-1/2"]
[WhiteElo "2201"]
[BlackElo "2011"]
[PlyCount "94"]
[EventDate "2014.10.18"]
[EventType "swiss"]
[EventRounds "9"]
[EventCountry "RUS"]
[SourceTitle "EXT 2015"]
[Source "ChessBase"]
[SourceDate "2014.11.20"]
[SourceVersion "1"]
[SourceVersionDate "2014.11.20"]
[SourceQuality "1"]

1. d4 d5 2. Nf3 Nf6 3. c4 c6 4. Qb3 dxc4 5. Qxc4 Bf5 6. g3 e6 7. Bg2 Nbd7 8. 0-0 Be7 9. Nc3 0-0 10. Re1 Bg6 11. e4 b5 12. Qxc6 b4 13. e5 bxc3 14. exf6 cxb2 15. fxe7 bxa1Q 16. exd8Q Raxd8 17. Bg5 Qb2 18. Bxd8 Rxd8 19. d5 Nf8 20. dxe6 Nxe6 21. Bf1 h6 22. Bc4 Bf5 23. Bb3 Bh3 24. Qe4 Qc3 25. g4 Rd3 26. Ne5 Rd4 27. Qe3 Qxe3 28. Rxe3 Nf4 29. Nxf7 Kh7 30. Ne5 Rd2 31. Nd3 Ne2+ 32. Kh1 Bxg4 33. Kg2 Bh5 34. Bc4 Rc2 35. Ne5 Nf4+ 36. Kg3 g5 37. Ra3 Rc1 38. Rxa7+ Kh8 39. f3 Rc2 40. Bf1 Rc1 41. Kf2 Rc2+ 42. Ke3 Nd5+ 43. Kd4 Rd2+ 44. Ke4 Rxa2 45. Rb7 Nf4 46. h4 Ra4+ 47. Bc4 Bg6+ 1/2-1/2

[Event "St Petersburg-ch 87th"]
[Site "St Petersburg"]
[Date "2014.03.31"]
[Round "11"]
[White "Yevseev, Denis"]
[Black "Gogin, Maksim"]
[Result "1-0"]
[WhiteElo "2532"]
[BlackElo "2153"]
[PlyCount "63"]
[EventDate "2014.03.21"]
[EventType "tourn"]
[EventRounds "11"]
[EventCountry "RUS"]
[EventCategory "6"]
[SourceTitle "CBM 159 Extra"]
[Source "ChessBase"]
[SourceDate "2014.04.24"]
[SourceVersion "1"]
[SourceVersionDate "2014.04.24"]
[SourceQuality "1"]

1. Nf3 c5 2. c4 Nc6 3. Nc3 e5 4. g3 g6 5. Bg2 Bg7 6. 0-0 Nge7 7. a3 d6 8. b4 e4 9. Ne1 f5 10. Bb2 cxb4 11. axb4 d5 12. d3 0-0 13. b5 Ne5 14. cxd5 Nxd5 15. dxe4 Nxc3 16. Bxc3 Qe7 17. Nd3 Nxd3 18. Bxg7 Rd8 19. exd3 Kxg7 20. Ra4 Qe5 21. b6 a5 22. d4 Qb5 23. d5 fxe4 24. Rxe4 Re8 25. Qa1+ Kg8 26. Rfe1 Bf5 27. Re7 Rxe7 28. Rxe7 Qb1+ 29. Qxb1 Bxb1 30. Rxb7 a4 31. Ra7 Re8 32. b7 1-0

[Event "St Petersburg-ch 87th"]
[Site "St Petersburg"]
[Date "2014.03.30"]
[Round "10"]
[White "Gogin, Maksim"]
[Black "Lobanov, Sergei"]
[Result "1/2-1/2"]
[WhiteElo "2153"]
[BlackElo "2271"]
[PlyCount "80"]
[EventDate "2014.03.21"]
[EventType "tourn"]
[EventRounds "11"]
[EventCountry "RUS"]
[EventCategory "6"]
[SourceTitle "CBM 159 Extra"]
[Source "ChessBase"]
[SourceDate "2014.04.24"]
[SourceVersion "1"]
[SourceVersionDate "2014.04.24"]
[SourceQuality "1"]

1. d4 Nf6 2. c4 e6 3. Nf3 b6 4. a3 Bb7 5. Nc3 d5 6. e3 Be7 7. cxd5 exd5 8. Qa4+ c6 9. Be2 0-0 10. 0-0 Nbd7 11. Rd1 a5 12. Qc2 b5 13. e4 b4 14. e5 bxc3 15. exf6 Nxf6 16. bxc3 Ba6 17. Ne5 Qc7 18. Bxa6 Rxa6 19. c4 Bd6 20. Bb2 dxc4 21. h3 Nd5 22. Nxc4 a4 23. Ne3 Rb6 24. Bc1 Rb3 25. Nc4 Re8 26. Bd2 Qd7 27. Re1 Rc8 28. Na5 Rxa3 29. Rxa3 Bxa3 30. Qxa4 Bd6 31. Rc1 Ne7 32. Bb4 Bxb4 33. Qxb4 h6 34. Qc5 Kh8 35. Nc4 Qe6 36. Ne5 Rd8 37. Qc4 Qxc4 38. Rxc4 Kg8 39. Nxc6 Nxc6 40. Rxc6 Rxd4 1/2-1/2

[Event "St Petersburg-ch 87th"]
[Site "St Petersburg"]
[Date "2014.03.25"]
[Round "5"]
[White "Gogin, Maksim"]
[Black "Sichinava, Zviad"]
[Result "0-1"]
[WhiteElo "2153"]
[BlackElo "2327"]
[PlyCount "162"]
[EventDate "2014.03.21"]
[EventType "tourn"]
[EventRounds "11"]
[EventCountry "RUS"]
[EventCategory "6"]
[SourceTitle "CBM 159 Extra"]
[Source "ChessBase"]
[SourceDate "2014.04.24"]
[SourceVersion "1"]
[SourceVersionDate "2014.04.24"]
[SourceQuality "1"]

1. d4 Nf6 2. c4 c5 3. d5 b5 4. cxb5 a6 5. f3 e6 6. e4 exd5 7. e5 Qe7 8. Qe2 Ng8 9. Nc3 Bb7 10. Nh3 c4 11. Nf4 Qc5 12. Nfxd5 Bxd5 13. Be3 Qb4 14. a3 Qa5 15. Bd2 Bb7 16. Nd5 Qa4 17. Nc7+ Kd8 18. Nxa8 Bxa8 19. bxa6 Bd5 20. Qd1 Qxa6 21. Bg5+ Be7 22. Qxd5 Bxg5 23. Bxc4 Qb6 24. Qd6 Qxd6 25. exd6 Nh6 26. 0-0 Nf5 27. Bxf7 Nxd6 28. Bd5 Bf6 29. Ra2 Re8 30. b4 Nb5 31. Bb7 Re3 32. Rc2 Nd6 33. Rfc1 Ke7 34. Bd5 Rxa3 35. Re2+ Kd8 36. Ra2 Rxa2 37. Bxa2 Nc6 38. Rb1 Nb5 39. Bg8 h6 40. Kf1 Be7 41. Rd1 Nxb4 42. Be6 d5 43. Rc1 Bd6 44. g3 Ke7 45. Re1 Nc2 46. Rc1 Nbd4 47. Bg8 g6 48. Rb1 Nb4 49. Rd1 Bc5 50. Rc1 Kd6 51. f4 Nf5 52. Bf7 g5 53. fxg5 hxg5 54. Re1 Ne3+ 55. Ke2 d4 56. Bg6 Ng4 57. h4 Ne5 58. Rf1 g4 59. Bf7 d3+ 60. Kd1 Nc2 61. Rf6+ Kd7 62. Bb3 Nd4 63. Ba4+ Ke7 64. Rf4 Ne2 65. Rf5 Ke6 66. Rxe5+ Kxe5 67. Bd7 Nxg3 68. Bxg4 Be3 69. h5 Kf4 70. h6 Kxg4 71. h7 Bd4 72. Kd2 Bh8 73. Kxd3 Kg5 74. Ke3 Kg6 75. Kf4 Nh5+ 76. Ke4 Kxh7 77. Kf5 Bf6 78. Ke4 Kg6 79. Kd5 Kf5 80. Kd6 Ke4 81. Kc5 Nf4 0-1